| 000 | 01456nam a2200361 c 4500 | ||
|---|---|---|---|
| 003 | BLK | ||
| 005 | 20241017005414.0 | ||
| 008 | 180411b bul|||||r ||||||| ||bul|| | ||
| 010 | _aKNG00177077000 | ||
| 020 |
_a978-954-783-210-7 _bиздат.: Intense |
||
| 040 | _aBLK | ||
| 041 |
_aBUL _cBUL |
||
| 072 | 7 |
_2bullib _aН83 _xЧужда художествена литература Н |
|
| 080 |
_aАмериканска литература (на САЩ) _b821.111(73) _x-312.9 _z821.111(73)-312.9 |
||
| 100 | 1 |
_aХоук, Колийн _eпърви автор _9337744 |
|
| 139 |
_aХоук, Колийн _bХ 70 |
||
| 245 | 1 | 0 |
_aПроклятието на тигъра _bРоман _cКолийн Хоук; прев. от англ. Деница Райкова. |
| 257 | _aUSA | ||
| 260 |
_аСофия _bIntense _c2014 _fСофия : Алианс принт |
||
| 300 |
_a440 с. _c21 см |
||
| 380 | _aX | ||
| 500 | _aОриг. загл. Tiger's Curse / Coleen Houck. | ||
| 653 | _aфентъзи | ||
| 653 | _aромани | ||
| 659 | _aН | ||
| 700 |
_aРайкова, Деница Иванова _d1977 - _gпреводач от англ. език, автор на кратка проза _eпрев. от англ. _9262557 |
||
| 852 | _aЦб 274409 | ||
| 856 | 4 |
_qpdf _u |
|
| 856 | 4 |
_qpdf _u |
|
| 942 |
_cKNG _n0 _07 |
||
| 944 |
_aCR _c24.06.2015 _lCRON CRON _k |
||
| 944 |
_aED _c04.12.2015 _lф / _kПенка_Димитрова |
||
| 999 |
_c169096 _d169096 |
||